00522nmm a2200181Ia 4500008004100000041000800041100002000049245002000069264004900089300001600138490002800154650003000182700002000212700003300232856005100265942000700316999001700323251105s9999||||xx |||||||||||||||||und|| aspa aStevens, Amanda 0aLos abandonados a[Madrid, España] :bRoca Editorial, c2015 a0 páginas aLa reina del cementerio aScience fiction & Fantasy aStevens, Amanda1 a Angulo Fernández, María uhttps://public.digitaliapublishing.com/a/33984 cCF c71745d71745